Budúcnosť obchodných vzťahov medzi Európskou úniou a USA

Analýza pripravovanej liberalizačnej dohody medzi USA a Európskou úniou o zóne voľného obchodu a investíciách (Transatlantic Trade and Investment Partnership – TTIP). Analýza a vyhodnotenie výhod a nevýhod, rizík a problematické oblasti pri vyjednávaní Transatlantickej dohody o obchodnej a investičn...

Celý popis

Uložené v:
Podrobná bibliografia
Hlavný autor: Lipková, Ľudmila
Médium: Kapitola
Jazyk:Slovak
Predmet:
Tagy: Pridať tag
Žiadne tagy, Buďte prvý, kto otaguje tento záznam!

MARC

LEADER 00000nla a2200000 4500
001 0180693
005 20240502073103.6
041 0 |a slo 
044 |a SK 
245 1 0 |a Budúcnosť obchodných vzťahov medzi Európskou úniou a USA  |c Ľudmila Lipková 
520 |a Analýza pripravovanej liberalizačnej dohody medzi USA a Európskou úniou o zóne voľného obchodu a investíciách (Transatlantic Trade and Investment Partnership – TTIP). Analýza a vyhodnotenie výhod a nevýhod, rizík a problematické oblasti pri vyjednávaní Transatlantickej dohody o obchodnej a investičnej spolupráci ako napríklad oblasť poľnohospodárstva, priemyselnej výroby, služieb, prístup na trh s verejnými objednávkami. 
610 2 0 |a Európska únia 
610 2 0 |a dohody medzinárodné 
610 2 0 |a spolupráca medzinárodná 
610 2 0 |a obchod medzinárodný 
610 2 0 |a liberalizácia 
610 2 0 |a USA 
610 2 0 |a vzťahy hospodárske medzinárodné 
100 1 |a Lipková, Ľudmila